| 000 | 00624nam a22001817a 4500 | ||
|---|---|---|---|
| 003 | BD-DhUL | ||
| 005 | 20171228085729.0 | ||
| 008 | 171228s0000 bg |||| |||| 000 0 ben d | ||
| 040 |
_aBD-DhUL _cBD-DhUL |
||
| 082 |
_a891.443 _bHAA |
||
| 100 | 1 | _aআহমেদ, হামেদ। | |
| 245 | 1 |
_aঅপূরনীয় / _cহামেদ আহমেদ। |
|
| 260 |
_aঢাকা : _bমালিক লাইব্রেরী, _c০০০০। |
||
| 300 |
_a[৪], ১৩২ পৃ. ; _c১৮ সেমি. |
||
| 650 | 4 | _aবাংলা উপন্যাস | |
| 650 | 4 | _aBengali fiction | |
| 942 |
_2ddc _cBK |
||
| 999 |
_c236133 _d236133 |
||